000 00434nmm a2200145Ia 4500
008 251105s9999||||xx |||||||||||||||||und||
041 _aspa
100 _aBolea, Juan
245 0 _aEl síndrome de Jerusalén :
_b Serie Martina de Santo 7
264 _a[Madrid, España] :
_bEdiciones B,
_c2016
300 _a344 páginas
650 _aThriller & Suspense
856 _uhttps://public.digitaliapublishing.com/a/53760
942 _cCF
999 _c105804
_d105804